[Event "Bundesliga 0506"]
[Site "Germany"]
[Date "2006.03.11"]
[Round "12.1"]
[White "McShane, Luke J"]
[Black "Lutz, Christopher"]
[Result "1-0"]
[WhiteElo "2605"]
[BlackElo "2609"]
[Annotator "Dautov,R"]
[PlyCount "115"]
[EventDate "2005.10.21"]
[EventType "team-tourn"]
[EventRounds "15"]
[EventCountry "GER"]
[SourceTitle "CBM 112"]
[Source "ChessBase"]
[SourceDate "2006.06.07"]
[SourceVersion "1"]
[SourceVersionDate "2006.06.07"]
[SourceQuality "1"]
[WhiteTeam "Werder Bremen"]
[BlackTeam "Porz"]
[WhiteTeamCountry "GER"]
[BlackTeamCountry "GER"]

1. d4 d5 2. c4 e6 3. Nc3 Be7 4. cxd5 exd5 5. Bf4 c6 6. e3 Bf5 7. Nge2 Nd7 8.
Ng3 Bg6 9. Be2 Qb6 (9... Ngf6 10. h4 h5 11. a3 a5 12. Rc1 Kf8 13. O-O Kg8 14.
f3 Nb6 15. Bd3 Bxd3 16. Qxd3 g6 17. Nge2 Ne8 18. g3 Qd7 19. e4 Bf6 20. Rce1 Ng7
21. Bc1 Ne6 22. e5 Be7 $11 {Khalifman,A (2690)-Doettling,F (2509)/Deutschland
2001}) 10. Qd2 Ngf6 11. h4 h5 12. Bg5 Bd6 13. Bf4 Be7 14. Bf3 Qa6 15. a3 (15.
Rd1 Nb6 16. Bg5 Rd8 17. b3 Nbd7 18. Nce2 Qa3 19. O-O Bb4 20. Nc3 Qa5 21. Rc1
O-O 22. a4 Rde8 $11 {Vaganian,R (2570)-Giorgadze,T (2535)/Minsk 1979/URS-ch})
15... Nb6 (15... Qd3 16. Qxd3 Bxd3 17. O-O-O Bg6 18. Bg5 Rc8 19. Nge2 Bf5 20.
Ng3 Bg6 21. Nge2 Bf5 22. Ng3 {1/2-1/2 Hort,V (2560)-Morovic Fernandez,I (2450)/
Tunis 1985}) 16. b3 Qd3 17. Bg5 Qxd2+ 18. Kxd2 a5 19. Nce2 $1 {[%mdl 32] Weiß
fährt eine langfristige Strategie, er will den gegnerischen Königsflügel
schwächen und diese Schwäche später ausnutzen.} (19. Bxf6 $5 Bxf6 20. Nce2)
19... a4 20. b4 Nc4+ 21. Kc3 Nd6 {In Frage kam 21...Ng4, womit Schwarz für die
Sicherheit seines anfälligen Bauern h5 sorgen könnte.} (21... Ng4 $5 22. Bxe7
Kxe7 23. Bxg4 hxg4 24. h5 (24. Nf4 Bh7) 24... Bh7 25. Rh4 f5 26. Nf4 Kf6 $11)
22. Bxf6 (22. Nf4 $5 Nfe4+ 23. Bxe4 Bxe4 24. f3 Bg6 25. Nxg6 fxg6 26. Bxe7 Kxe7
27. Kd3 $14) 22... Bxf6 23. Nf4 Be7 24. Kd2 Nc4+ 25. Kc3 Nd6 26. Raf1 Nc4 27.
Nxg6 fxg6 28. Ra1 O-O 29. Ne2 $1 $14 {Weiß hat sein Ziel erreicht, im
gegnerischen Lager entstand eine Schwäche, der Pg6. Nun gruppiert McShane
seine Figuren um, um diese ins Visier zu nehmen.} Bd6 30. Nc1 Rf7 (30... Ne5 $5
31. Rh3 Nxf3 32. gxf3 $14) 31. Nd3 Raf8 32. Rh3 Be7 33. Ra2 b5 {Dieser Zug war
wegen der Angriffsmöglichkeit Bd1 eher nicht zu vermeiden.} 34. Bd1 Kh7 35. g3
Nd6 $2 {Nach dieser zweifelhaften Springerüberführung verschlechtert sich die
schwarze Stellung sehr schnell. Christopher hätte sich nach 35...Bd6! aufs
passive Abwarten beschränken. sollen.} (35... Bd6 $1 36. Nf4 Bxf4 37. gxf4 Rf6
38. Bc2 Kh6 39. Rg3 Nd6 $14) 36. Nf4 {Dieser starker Springer darf von Schwarz
nicht lange ausgehalten werden.} Ne4+ 37. Kd3 Rf6 $2 {Es war noch nicht zu
spät, den Hauptfeind zu eliminieren.} (37... Bd6 $1 38. Rc2 Bxf4 39. gxf4 Rc8
$14 {/\Nd6-c4}) 38. Rc2 $16 {Zu allem Unglück wird noch der Bauer c6 schwach.}
Rd6 39. Rh1 Nf6 40. Be2 Nd7 41. Kc3 $1 {Der weiße Läufer erreicht sein
Traumfeld d3.} Nb6 42. Bd3 Kh6 43. g4 $1 $18 {Diese hübsche Kombination
gewinnt Material.} hxg4 44. h5 Bh4 (44... Rxf4 45. hxg6+ Kg5 46. exf4+ Kxf4 47.
Rh5 Rf6 48. Re2 $18) (44... g5 45. Ng6 Re6 (45... Re8 46. Ne5 $18) 46. Nxf8
Bxf8 47. Bf5 $18) 45. Nxg6 Rxg6 46. hxg6 Kg5 47. f4+ gxf3 48. Rg1+ Kf6 49. Rh2
Rh8 50. Rhh1 $1 Nc4 51. Rg4 Bf2 52. Rxh8 Be1+ 53. Kc2 Nxe3+ 54. Kb1 Nxg4 55.
Rf8+ Kg5 56. Rf5+ Kh4 57. Rxf3 Bf2 58. Bf5 1-0

[Event "American Continental 2nd"]
[Site "Buenos Aires"]
[Date "2003.08.23"]
[Round "6"]
[White "Krush, Irina"]
[Black "Bruzon Batista, Lazaro"]
[Result "1/2-1/2"]
[WhiteElo "2449"]
[BlackElo "2614"]
[Annotator "Dautov,R"]
[PlyCount "78"]
[EventDate "2003.08.17"]
[EventType "swiss"]
[EventRounds "11"]
[EventCountry "ARG"]
[SourceTitle "CBM 097"]
[Source "ChessBase"]
[SourceDate "2003.11.11"]
[SourceVersion "1"]
[SourceVersionDate "2003.11.11"]
[SourceQuality "1"]

{[%mdl 8]} 1. d4 d5 2. c4 e6 3. Nc3 Be7 4. cxd5 exd5 5. Bf4 c6 6. e3 Bf5 7. g4
Be6 8. h3 Nd7 9. Bd3 g5 $1 {Eine neue und gute Alternative zu den
Hauptfortsetzungen 8...h5 und 8...Nf6. Schwarz bekämpft das Gleiche (g2-g4)
mit Gleichem (g7-g5) und beginnt unmittelbar sein Gegenspiel auf dem
Königsflügel.} 10. Bg3 h5 11. f3 (11. gxh5 Qb6 12. Rb1 Ngf6 $132) 11... Ngf6 $1
$146 (11... Qb6 12. Rb1 c5 13. Kf1 hxg4 14. fxg4 Nh6 15. Kg2 f5 {Vallejo Pons
is aiming for total chess, the main risk factor is the unsteady location of
both kings.} 16. Qf3 fxg4 17. hxg4 Nf6 $11 {Rustemov,A-Vallejo Pons,F/Dos
Hermanas 2003}) 12. Rh2 Nb6 $1 {/\Bd6} 13. Qe2 (13. Nge2 Bd6 $36) 13... Bd6 {
Schwarz entwickelt seine Kräfte mühelos und effektiv, während Weiß alle Hände
voll zu tun hat, seine schwächelnde Bauern zu verteidigen.} 14. Be5 $2 {
Wahrscheinlich wollte Krush ebenfalls einen aktiven Zug machen, aber es wurde
ein Fehler. Richtig war 14.Qf2, und Weiß kann den Ausgleich behaupten.} (14.
Qf2 Qc7 (14... Bxg3 15. Qxg3 Qb8 16. Qxb8+ Rxb8 17. f4 hxg4 18. fxg5 Nfd7 19.
h4 g3 20. Rh1 Ke7 $13) 15. Nge2 O-O-O 16. O-O-O $11) 14... Bxe5 15. dxe5 Nfd7
$17 {Die weiteren Verwicklungen sind vorteilhaft für Schwarz.} 16. f4 gxf4 17.
exf4 Qh4+ 18. Rf2 hxg4 19. f5 gxh3 20. Nf3 Qg3 $6 {Deutlich besser war 20...h2!
} (20... h2 $1 21. Nxh2 Nc5 22. Bc2 (22. O-O-O Nxd3+ 23. Rxd3 Bxf5 $17) (22.
fxe6 $2 Qxf2+ $1 $19) 22... Bd7 $17) 21. O-O-O (21. fxe6 h2 22. exd7+ Nxd7 23.
Nxh2 Rxh2 $44) 21... O-O-O 22. fxe6 fxe6 $15 {Schwarz bekam für den Läufer
drei Bauern und eine klare Initiative dank der vorgerückten "Spitze" h3.} 23.
Rg1 Qf4+ 24. Qd2 $5 {Gibt einen weiteren Bauern ab, um die Stellung etwas zu
vereinfachen.} (24. Kb1 $15) 24... Nxe5 25. Nxe5 Qxe5 $17 26. Bf1 d4 27. Nd1
Rh4 $2 {Besser war 27...Qd5!} (27... Qd5 $1 28. Kb1 Qe4+ $1 (28... e5 $5 29.
Rh2 e4 $15) (28... Nc4 29. Bxc4 Qxc4 30. Rh2 Qd5 31. Nf2 $15) 29. Ka1 (29. Bd3
$2 h2 $19) 29... Nd5 $17) 28. Rh1 Qd5 29. Rxh3 Rxh3 30. Bxh3 Qxa2 31. Qb4 $1 {
Offenbar hat Bruzon diesen starken Zug übersehen. Schwarz muß nun einen Bauern
zurückgeben.} Qd5 32. Qe7 $11 Qd6 33. Bxe6+ Kb8 34. Qxd6+ Rxd6 35. Rf8+ Kc7 36.
Rf7+ Kb8 37. Rf8+ Kc7 38. Rf7+ Kb8 39. Rf8+ Kc7 1/2-1/2

[Event "Solin 13th"]
[Site "Solin"]
[Date "2005.12.14"]
[Round "7"]
[White "Kovacevic, Blazimir"]
[Black "Godena, Michele"]
[Result "1-0"]
[WhiteElo "2493"]
[BlackElo "2502"]
[Annotator "Dautov,R"]
[PlyCount "105"]
[EventDate "2005.12.09"]
[EventType "tourn"]
[EventRounds "11"]
[EventCountry "CRO"]
[EventCategory "11"]
[SourceTitle "CBM 111"]
[Source "ChessBase"]
[SourceDate "2006.04.04"]
[SourceVersion "1"]
[SourceVersionDate "2006.04.04"]
[SourceQuality "1"]

1. c4 e6 2. Nc3 d5 3. d4 c6 4. e4 Bb4 5. Bd2 Ne7 $6 {Passiv gespielt, es ist
kein Wunder, daß Weiß mühelos in Vorteil kommt. In dieser Variante scheint es
für Schwarz keine Alternative zu 5...dxc4 5.Bxd4 Qxd4 zu geben.} (5... dxc4 6.
Bxc4 Qxd4 7. Qe2 b5 8. Bb3 Nf6 9. Nf3 Qb6 10. O-O Nbd7 11. e5 (11. Rfe1 Bxc3
12. Bxc3 b4 13. Bxf6 Nxf6 14. e5 Ba6 15. Qc2 Nd5 16. Qe4 Rd8 17. Rac1 h6 18. h4
Ne7 19. Red1 $44 {Najer,E (2608)-Timofeev,A (2575)/Russia (ch) 2003}) 11...
Bxc3 12. bxc3 Nd5 13. c4 bxc4 14. Bxc4 a5 15. Rab1 Qa7 16. Qe4 Ba6 17. Bxa6
Qxa6 18. Qg4 Kf8 19. Rfc1 $14 {Comas Fabrego,L (2516)-Godena,M (2485)/Mondariz
2000}) (5... Bxc3 6. Bxc3 dxe4 7. Qg4 $14) 6. Nf3 {Auch 6.a3 ist
vielversprechend für Weiß.} (6. a3 Bxc3 (6... Ba5 7. Nf3 $14) 7. Bxc3 Ng6 (7...
dxe4 8. Qg4 Nf5 9. Qxe4 Nd7 10. Nf3 O-O {Danilov,V (2352)-Cosma,I (2467)/
Bucuresti 2001} 11. g4 $1 Nf6 12. Qf4 Ne7 13. Ne5 b5 $5 (13... Ng6 14. Qf3 $14)
14. Bg2 Bb7 15. b3 $14) 8. e5 b6 9. Nf3 Bb7 10. h4 c5 11. dxc5 bxc5 12. h5 Ne7
{Gozzoli,Y (2444)-Tregubov,P (2607)/Paris 2005} 13. h6 $1 g6 14. Bd3 $14) (6.
Bd3 dxc4 (6... O-O 7. Nge2 $14 f6 $140 8. O-O e5 $6 9. exd5 cxd5 10. Nxd5 $16
Nxd5 11. Be4 $1) 7. Bxc4 Qxd4 8. Qe2 O-O 9. Nf3 Qd8 $13) 6... Nd7 (6... O-O 7.
Bd3 $14) (6... Bxc3 7. Bxc3 dxe4 8. Ng5 e3 (8... f5 $2 9. Qh5+ g6 10. Qh6 $16)
9. fxe3 Nf5 10. Qh5 g6 11. Qg4 Nxe3 12. Qf4 Nf5 13. O-O-O $16) 7. Bd3 dxc4 8.
Bxc4 c5 9. a3 cxd4 10. axb4 dxc3 11. Bxc3 O-O 12. e5 $2 {Zu flott gespielt.
Trotz der Angriffsaussichten sollte Weiß den wichtigen Punkt d5 nicht
schwächen. Sein Läuferpaar käme am besten nach der simplen Rochade zur Geltung.
} (12. O-O Nb6 (12... b6 13. Bb5 Nf6 14. Qe2 $16) 13. Bd3 Bd7 14. Bd4 $16)
12... Nb6 13. Bd3 Ng6 14. Qc2 Nd5 15. h4 h6 $1 16. Bd2 (16. Bxg6 fxg6 17. O-O (
17. Qxg6 Nf4 $36) 17... Qe8 $11) 16... Bd7 $2 {Michele hat sicher den
Einschlag auf h6 übersehen, sonst hätte er einen Springer nach f4 geführt, mit
guten Gegenchancen.} (16... Ngf4 17. Bh7+ Kh8 18. g3 Ng6 19. h5 Nge7 $11) (
16... Ndf4 $11) 17. Bxg6 fxg6 18. Bxh6 $1 $16 ({Nach} 18. Qxg6 $2 Ne7 19. Qg4
Nf5 20. O-O Bc6 $44 {hätte Schwarz jede Menge Kompensation.}) 18... Qe8 (18...
gxh6 $2 19. Qxg6+ Kh8 20. Qxh6+ Kg8 21. Rh3 $18) 19. Bd2 Rc8 {Schwarz hätte 19.
..Bb5 versuchen sollen, um zumindest den gegnerischen König im Zentrum
aufzuhalten.} (19... Bb5 $1 20. Qe4 Qf7 $1 21. Rh3 Rac8 22. b3 $16) 20. Qe4 Bc6
(20... Bb5 21. Nd4 $1 $16 (21. Rxa7 $2 Rc4 $36)) 21. Qg4 Rf5 22. O-O Bb5 23.
Rfe1 $18 {Angesichts der Schwächen e6 und g6 ist die weiße Stellung technisch
gewonnen.} Rc4 24. Re4 Rxe4 25. Qxe4 a6 26. Nd4 Rf8 27. Ra3 Bd7 28. Rg3 Qf7 29.
Be3 (29. f3 Be8 30. h5 $1 $18) 29... Be8 30. Nf3 $2 Qf5 31. Ng5 Nxe3 32. Qxe3
Bc6 33. Nh3 Qb1+ 34. Kh2 Qxb2 35. h5 $2 (35. Qg5 Qc2 36. h5 Qf5 37. Qxg6 Qxg6
38. Rxg6 $18) 35... Qxb4 $2 (35... Rf5 $1 36. hxg6 Qxe5 $14) 36. Rxg6 Qe4 (
36... Be8 37. Rxe6 Bxh5 38. Rb6 Qe7 39. Ng5 $18) 37. Qg3 $18 Rf7 38. h6 Qxg2+
39. Qxg2 Bxg2 40. Kxg2 Kh7 41. Rxe6 gxh6 42. f4 a5 43. Rb6 a4 44. Kf3 Rc7 45.
Nf2 a3 46. Ng4 a2 47. Rxh6+ Kg7 48. Rh1 b5 49. Ra1 Rc2 50. Ne3 Rb2 51. Nd5 Kf8
52. Kg4 Kf7 53. Kf5 1-0

[Event "Poikovsky Karpov 04th"]
[Site "Poikovsky"]
[Date "2003.04.24"]
[Round "5"]
[White "Lautier, Joel"]
[Black "Zvjaginsev, Vadim"]
[Result "1-0"]
[WhiteElo "2666"]
[BlackElo "2664"]
[Annotator "Dautov,R"]
[PlyCount "63"]
[EventDate "2003.04.20"]
[EventType "tourn"]
[EventRounds "9"]
[EventCountry "RUS"]
[EventCategory "16"]
[SourceTitle "CBM 095"]
[Source "ChessBase"]
[SourceDate "2003.07.25"]
[SourceVersion "1"]
[SourceVersionDate "2003.07.25"]
[SourceQuality "1"]

1. c4 {Ftacnik} e6 2. Nc3 d5 3. d4 c6 4. e4 Bb4 5. cxd5 exd5 6. e5 c5 ({
Mehr verbreitet ist} 6... Ne7 {, z.B.,} 7. Bd3 (7. Nf3 c5 8. a3 Bxc3+ 9. bxc3
Nbc6 10. Be2 Bg4 11. O-O O-O 12. Rb1 Qc7 $2 13. h3 Bh5 14. a4 Bg6 15. Bd3 $14 {
Khalifman,A-Galkin,A/Hoogeveen 2000}) 7... c5 (7... Bf5 8. Bg5 Qd7 9. a3 Bxc3+
10. bxc3 Bxd3 11. Qxd3 Qf5 $132 {Utnasunov,A-Bocharov,D/St Petersburg 2000}) 8.
a3 Bxc3+ 9. bxc3 Nbc6 10. Ne2 Bf5 11. Bg5 Qd7 12. Bxe7 Nxe7 13. O-O Rc8 14. Ng3
Bxd3 15. Qxd3 h5 $11 {Murshed,N-Dreev,A/Yerevan 1996}) 7. a3 cxd4 {Ftacnik:
'The similar exchange of the bishop b4 for the knight c3 is known from Nizo
indian defense, but here black will find it hard to tame strong white bishops.
' Führt zu einer originellen Bauernstruktur.} (7... Ba5 8. Bd2 Nc6 9. dxc5 Bxc3
10. Bxc3 d4 11. Bd2 Qe7 12. f4 f6 13. Nf3 Bg4 14. Bb5 fxe5 15. fxe5 $14 {
Hauchard,A-Pavasovic,D/Cannes 1996}) (7... Bxc3+ 8. bxc3 Ne7 9. Bd3 Qa5 10. Bd2
Nbc6 11. Ne2 Bf5 12. Qb1 Bxd3 13. Qxd3 Qa4 14. f4 cxd4 15. cxd4 Qc4 16. Qxc4
dxc4 17. a4 Rd8 18. Rc1 Nxd4 19. Rxc4 Nec6 20. Nxd4 Rxd4 21. Rxd4 Nxd4 22. Kf2
$14 {Shneider,A-Timofeev,A/Istanbul 2003}) 8. axb4 dxc3 9. bxc3 Nc6 $2 {
In diesem Zug wurzeln die späteren Probleme von Schwarz. Mehr Chancen bot m.E.
9...Qc7, was dem Weißen die Einschaltung von f2-f4 nicht erlaubte.} (9... Qc7
$1 10. Nf3 $5 (10. Qd4 Ne7 $132 {/\0-0} 11. Nf3 {Ftacnik} Nbc6 12. Qc5 $14)
10... Ne7 $1 (10... Qxc3+ $6 11. Bd2 Qc7 12. Rc1 Qd8 13. Bb5+ Bd7 14. Bg5 $36)
11. Ra3 O-O $132 {/\Bg4}) 10. f4 Nh6 (10... Nge7 11. Nf3 O-O 12. Be2 $14) 11.
Nf3 O-O 12. Be2 $14 {Dank seines Läuferpaares und der besseren Bauernstruktur
bekam Weiß einen langfristigen Vorteil.} f6 $2 {Der Bauernabtausch im Zentrum
spielt dem Weißen nur in die Hände. Schwarz sollte stattdessen sein Spiel auf
dem Damenflügel starten.} ({Stärker war} 12... a5 13. b5 Ne7 $14) (12... Bg4 {
Ftacnik} 13. Be3 Nf5 14. Bc5 Re8 15. O-O $14) 13. b5 Ne7 (13... Na5 14. O-O $14
) 14. O-O fxe5 (14... Qb6+ 15. Qd4 $16) 15. fxe5 $1 {/\Kh1, Bxh6 Ftacnik: 'At
this pawn structure the modest black knights are a poor counterweight for the
mobile white bishops. '} a5 16. bxa6 bxa6 17. Kh1 Nhf5 $2 {Nach diesem Fehler
sollte die schwarze Stellung kaum zu retten sein. Zäher war in jedem Fall 17...
Nf7.} (17... Nf7 18. Ba3 $16 Re8 {Ftacnik} 19. c4 d4 20. Qxd4 Qxd4 21. Nxd4
Nxe5 22. Bd6 $16) 18. g4 $1 Nh6 19. Bxh6 gxh6 20. Nd4 {Ftacnik: 'Lautier gave
up the pride of his position for the knight on h6 with a clear goal of
dominating over the weak darksquared bishop on c8. Due to the pawn structure
kingside attack is imminent.'} (20. Qd2 $16) 20... Ng6 (20... Rxf1+ 21. Qxf1
$16 {/\Qf6}) 21. Rxf8+ Qxf8 22. Bf3 $18 Rb8 (22... Ne7 23. c4 $18) 23. Bxd5+
Kh8 24. Qe2 $2 {Auf diese Weise verliert Weiß einen Bauern und lässt den
Gegner erneut hoffen. Nichts sprach gegen das sichere 24.e6!} (24. e6 $1 Rb2
25. Nf5 $18) 24... Nf4 25. Qf3 Bxg4 26. Qxg4 Nxd5 27. e6 Ne7 {Ftacnik: 'It
would take a careful play by the attacker after the courageous 27...Nxc3, but
the black pieces would have been critically uncoordinated.'} 28. Qe2 Qf4 29.
Rf1 Qg5 30. Nf5 $1 Rb5 $2 (30... Rf8 31. Nxe7 (31. Qe5+ $2 Qf6) 31... Rxf1+ 32.
Qxf1 Qxe7 33. Qxa6 $18) 31. Nxe7 Qxe7 32. Qe4 1-0

[Event "FIDE World Cup"]
[Site "Khanty-Mansiysk"]
[Date "2005.12.04"]
[Round "3.3"]
[White "Grischuk, Alexander"]
[Black "Shulman, Yuri"]
[Result "1-0"]
[WhiteElo "2720"]
[BlackElo "2565"]
[Annotator "Dautov,R"]
[PlyCount "59"]
[EventDate "2005.11.27"]
[EventType "k.o."]
[EventRounds "7"]
[EventCountry "RUS"]
[SourceTitle "CBM 111"]
[Source "ChessBase"]
[SourceDate "2006.04.04"]
[SourceVersion "1"]
[SourceVersionDate "2006.04.04"]
[SourceQuality "1"]

1. d4 d5 2. c4 e6 3. Nc3 c6 4. e4 dxe4 5. Nxe4 Bb4+ 6. Bd2 Qxd4 7. Bxb4 Qxe4+
8. Be2 Na6 9. Ba5 Bd7 10. Nf3 Nf6 11. Qd6 Qf5 {Damit wird eine forcierte
Variante eingeleitet, in der Weiß zwei Bauern für Initiative opfert.} 12. Ne5
Qxf2+ (12... b6 13. Bc3 Qxf2+ 14. Kxf2 Ne4+ 15. Kf3 Nxd6 16. Rad1 f6 17. Rxd6
fxe5 18. Rhd1 Rf8+ 19. Ke3 Rf7 20. Bxe5 $16 {Serper,G (2560)-Adianto,U (2535)/
Jakarta 1994}) 13. Kxf2 Ne4+ 14. Kf3 Nxd6 15. Rhd1 Ke7 16. Rd2 {Die anderen
Angriffsideen versprechen Weiß nicht viel.} (16. c5 Nxc5 17. Bb4 b6 18. Rac1
Nce4 19. Bd3 f5 20. Bxe4 fxe4+ 21. Ke3 c5 22. Rxc5 bxc5 23. Bxc5 Be8 24. Bxd6+
Kd8 $15 {Van Wely,L (2700)-Fressinet,L (2581)/France 2001}) (16. Rxd6 Kxd6 17.
Nxf7+ (17. Rd1+ $6 Kxe5 18. Bc3+ Kf5 19. Rxd7 Kg6 $1 20. Bd3+ Kg5 $1 $17) 17...
Ke7 18. Nxh8 Rxh8 19. Bc3 c5 $11) 16... Be8 17. Rad1 f6 $2 {Es liegt nahe, daß
dieser Zug schlecht ist. Die schwarzen Mehrbauern werden entwertet und schwach,
und Weiß behält seine gewaltige Initiative bei. Es wäre interessant zu wissen,
was Grischuk auf die beste Fortsetzung 17...Nf5 vorbereitet hat.} (17... Nf5 $1
18. Rd7+ (18. Bd8+ $2 Rxd8 19. Rxd8 f6 20. Ng4 e5 $15 21. Ra8 Nd4+ 22. Kf2 Nxe2
23. Kxe2 f5 $17 {Kotanjian,T (2471)-Sadatnajafi,M (2189)/Tehran 2006}) (18. g4
$5 Nh4+ 19. Kg3 Ng6 20. Bd8+ Kf8 21. Nxg6+ hxg6 22. Bf3 $44) 18... Bxd7 19.
Rxd7+ Ke8 20. Rxb7 f6 21. Nxc6 Nc5 22. Rc7 Na6 23. Rb7 Nc5 24. Rc7 Na6 25. Rb7
{1/2-1/2 Dziuba,M (2429)-Frolyanov,D (2505)/Warsaw 2005}) 18. Rxd6 fxe5 19. Ke3
$16 h5 {Verhindert Be2-g4, aber Weiß hat jede Menge anderer guter Ideen.} (
19... Nc5 20. Bb4 b6 21. Bg4 Bf7 22. Bxc5 bxc5 23. Rd7+ Ke8 24. Bf3 $18) 20.
Bd8+ Kf7 21. Rf1+ Kg8 22. Be7 Nc7 $2 {Zäher war 22...Nc5 mit der Idee, den
Springer nach d7 und f6 zu führen.} (22... Nc5 $142 23. Rf8+ (23. Rd2 Nd7 24.
h4 $14) 23... Kh7 24. Rxh8+ Kxh8 25. Rd2 Nd7 26. Bxh5 Nf6 $14) 23. Rd2 Rc8 24.
Bd3 $18 {Schwarz ist vollkommen lahmgelegt.} g6 25. Rdf2 Kh7 26. Bd6 Na6 27.
Bxe5 Rg8 28. Rf7+ Bxf7 29. Rxf7+ Kh6 30. Bf4+ 1-0

[Event "FRA-chT Top 12"]
[Site "Brest"]
[Date "2019.05.27"]
[Round "10.3"]
[White "Naiditsch, Arkadij"]
[Black "Cornette, Matthieu"]
[Result "1-0"]
[WhiteElo "2682"]
[BlackElo "2553"]
[Annotator "Dhananjay Khadilkar"]
[PlyCount "53"]
[EventDate "2019.05.18"]
[EventType "team-tourn"]
[EventRounds "11"]
[EventCountry "FRA"]
[SourceTitle "CBM 190 Extra"]
[Source "ChessBase"]
[SourceDate "2019.07.15"]
[SourceVersion "1"]
[SourceVersionDate "2019.07.15"]
[SourceQuality "1"]
[WhiteTeam "Bischwiller"]
[BlackTeam "Asnieres"]
[WhiteTeamCountry "FRA"]
[BlackTeamCountry "FRA"]
[TimeControl "40/5400+30:1800+30"]

1. c4 {[%emt 0:00:00]} e6 {[%emt 0:00:52]} 2. Nc3 {[%emt 0:01:12]} d5 {[%emt 0:
01:13]} 3. d4 {[%emt 0:00:08]} a6 {[%emt 0:00:38]} 4. cxd5 {[%emt 0:04:12]}
exd5 {[%emt 0:00:22]} 5. Bf4 {[%emt 0:00:08]} (5. Nf3 h6 6. Bf4 Nf6 7. e3 Bd6
8. Bxd6 Qxd6 9. Qc2 O-O 10. Bd3 Re8 11. h3 Be6 12. O-O Nbd7 13. a4 Rac8 14.
Rfc1 c5 15. dxc5 Nxc5 16. Nd4 Bd7 17. Qd1 Rc7 18. Bc2 Rec8 19. Nde2 Ne6 20. Bb3
Bc6 21. Nd4 Qb4 22. Nce2 Bd7 23. Rxc7 Rxc7 24. Qe1 Qxe1+ 25. Rxe1 Nc5 26. Rc1
a5 27. Bc2 Kf8 28. b3 Na6 29. f3 Nb4 30. Kf2 Ne8 31. Ke1 Nd6 32. Bb1 Rxc1+ 33.
Nxc1 Ke7 34. Bd3 Kf6 {Shankland,S (2725)-Carlsen,M (2835) Wijk aan Zee 2019 1/
2-1/2}) 5... Nf6 {[%emt 0:00:47]} 6. e3 {[%emt 0:00:20]} Bd6 {[%emt 0:01:38]}
7. Bg5 {[%emt 0:01:54]} Be6 {[%emt 0:04:06]} 8. Bd3 {[%emt 0:00:19]} Nbd7 {
[%emt 0:01:12]} 9. f4 {[%emt 0:03:45]} h6 {[%emt 0:00:15]} 10. Bh4 g5 {[%emt 0:
01:08]} 11. Bg3 {[%emt 0:04:34]} Bg4 {[%emt 0:03:56]} 12. Nf3 $146 {[%emt 0:00:
43]} (12. Nge2 Qe7 13. Qd2 Nb6 14. O-O O-O-O 15. Rae1 Kb8 16. Nc1 Nh5 17. Qf2
Nxg3 18. Qxg3 Bd7 19. Nb3 Rhg8 20. Qf2 gxf4 21. exf4 Qf6 22. a4 Bh3 23. g3 c6
24. Kh1 Bxf1 25. Qxf1 Ka7 26. a5 Nd7 27. Na4 Rde8 28. Rc1 Re3 29. Nb6 Nxb6 30.
axb6+ Kxb6 31. Qd1 Bb4 32. Qc2 Rge8 33. Kg2 Re1 34. Rxe1 Rxe1 35. Nd2 Bxd2 36.
Qxd2 Qe7 37. Qc3 a5 38. Qc2 Kc7 39. f5 Qe3 40. Qc3 b6 41. Qc2 Rc1 {Van der
Werf,M (2404)-Ris,R (2431) Netherlands 2019 0-1}) 12... Qe7 {[%emt 0:12:33]}
13. O-O {[%emt 0:03:40]} O-O-O {[%emt 0:09:06]} 14. Qd2 {[%emt 0:00:37]} Bxf3 {
[%emt 0:05:12]} 15. Rxf3 {[%emt 0:00:12]} Nb6 {[%emt 0:04:41]} 16. fxg5 {
[%emt 0:05:31]} Ne4 {[%emt 0:15:49]} (16... hxg5 {The position would be about
equal after 16...hxg5 17.♕f2 ♝xg3 18.♖xg3 ♜dg8, but Cornette opted for
the more aggressive 16...♞e4 which left him worse after 17.♗xe4 dxe4 and
the Zwischenzug 18.♗xd6 ♜xd6 19.♖h3 winning a pawn. By the time the
h-pawn was ready to begin marching down the board on move 27, Cornette gave up.
}) 17. Bxe4 {[%emt 0:06:31]} dxe4 {[%emt 0:00:09]} 18. Bxd6 {[%emt 0:00:47]}
Rxd6 {[%emt 0:00:03]} 19. Rh3 {[%emt 0:01:16]} Rg6 {[%emt 0:04:00]} 20. Rxh6 {
[%emt 0:06:46]} Rhxh6 {[%emt 0:00:35]} 21. gxh6 {[%emt 0:00:08]} Rxh6 {[%emt 0:
00:03]} 22. Rf1 {[%emt 0:04:19]} Nc4 {[%emt 0:02:10]} 23. Qf2 {[%emt 0:01:12]}
Nd6 {[%emt 0:00:31]} 24. Qf4 {[%emt 0:00:25]} Rg6 {[%emt 0:00:59]} 25. Nd5 {
[%emt 0:01:34]} Qd8 {[%emt 0:01:01]} 26. Nf6 {[%emt 0:01:37]} Qe7 {[%emt 0:02:
26]} 27. h4 {[%emt 0:05:48]} 1-0